Bring Me the Horizon Discography - Statistics

General Stats
  • This quiz has been taken 144 times
    85 since last reset
  • The average score is 8 of 16
Answer Stats
Type Year Name % Correct
Album 2020 Post Human: Survival Horror
93%
Album 2019 Amo
90%
Album 2013 Sempiternal
90%
Album 2015 That's the Spirit
88%
Album 2008 Suicide Season
87%
Album 2010 There Is a Hell, Believe Me, I've Seen It. There Is a Heaven, Let's Keep It a Secret.
84%
Album 2006 Count Your Blessings
77%
Album 2019 Music to Listen To...
64%
EP 2004 This Is What the Edge of Your Seat Was Made For
54%
Live Album 2016 Live at the Royal Albert Hall
28%
Remix Album 2009 Suicide Season Cut Up!
20%
Compilation 2017 2004-2013
19%
Demo Album 2004 The Bedroom Sessions
14%
Live Album 2015 Live at Wembley
12%
Collaborative EP 2012 The Chill Out Sessions
6%
Box Set 2014 Limited Edition Vinyl Box Set
4%
No matching quizzes found
Score Distribution
Percent of People with Each Score
Percentile by Number Answered
Your Score History
You have not taken this quiz since the last reset